000 00507nam a2200169Ia 4500
003 Ost
005 20260225132600.0
008 260225s9999||||xx |||||||||||||| ||und||
020 _a9782760539471
040 _cfsic
041 _afre
082 _a70.4
100 _aLéonard harvey،Pierre
_eAuteur
245 0 _aDesign communautique appliqué aux systémes sociaux numériques :
245 0 _bFondements communicationnels،Théories et méthodologies . /
_cLéonard harvey،Pierre
942 _cكتاب
999 _c34720
_d34720